书目信息 |
| 题名: |
科摩罗
|
|
| 作者: | 朱献珑 , 朱丹 , 叶林 编著 | |
| 分册: | ||
| 出版信息: | 北京 社会科学文献出版社 2021.04 |
|
| 页数: | 184页, [5] 页图版 | |
| 开本: | 23cm | |
| 丛书名: | 列国志 | |
| 单 册: | ||
| 中图分类: | K948.3 | |
| 科图分类: | ||
| 主题词: | ||
| 电子资源: | ||
| ISBN: | 978-7-5201-8148-8 | |
| 000 | 01332nam 2200325 450 | |
| 001 | 202021189427 | |
| 005 | 20211025120124.0 | |
| 010 | @a978-7-5201-8148-8@dCNY48.00 | |
| 100 | @a20210918d2021 em y0chiy50 ea | |
| 101 | 0 | @achi |
| 102 | @aCN@b110000 | |
| 105 | @aabf a 001yy | |
| 106 | @ar | |
| 200 | 1 | @a科摩罗@Ake mo luo@d= Comoros@f朱献珑, 朱丹, 叶林编著@zeng |
| 210 | @a北京@c社会科学文献出版社@d2021.04 | |
| 215 | @a184页, [5] 页图版@c图, 地图@d23cm | |
| 225 | 2 | @a列国志@Alie guo zhi@e新版 |
| 300 | @a“十三五”国家重点图书出版规划项目 | |
| 314 | @a朱献珑, 教授、博士, 华南理工大学印度洋岛国研究中心执行主任、外国语学院副院长。朱丹, 讲师、博士研究生, 华南理工大学印度洋岛国研究中心科摩罗国别研究室副主任。叶林, 助理研究员、硕士, 华南理工大学和印度岛国研究中心政情政制与对外关系研究所副主任。 | |
| 320 | @a有书目 (第173-177页) 和索引 | |
| 330 | @a本书系统全面介绍了科摩罗的历史、政治、经济、社会、文化、外交, 对于国人了解科摩罗具有一定的现实意义。内容包括: 国土与人口 ; 宗教与民俗 ; 特色资源等。 | |
| 410 | 0 | @12001 @a列国志 (新版) |
| 510 | 1 | @aComoros@zeng |
| 607 | @a科摩罗@Ake mo luo@x概况 | |
| 690 | @aK948.3@v5 | |
| 701 | 0 | @a朱献珑@Azhu xian long@4编著 |
| 701 | 0 | @a朱丹@Azhu dan@4编著 |
| 701 | 0 | @a叶林@Aye lin@4编著 |
| 801 | 0 | @aCN@c20210909 |
| 905 | @a河南城建学院图书馆@dK948.3@eZ883 | |
| 科摩罗= Comoros/朱献珑, 朱丹, 叶林编著.-北京:社会科学文献出版社,2021.04 |
| 184页, [5] 页图版:图, 地图;23cm.-(列国志:新版) |
| “十三五”国家重点图书出版规划项目 |
| ISBN 978-7-5201-8148-8:CNY48.00 |
| 本书系统全面介绍了科摩罗的历史、政治、经济、社会、文化、外交, 对于国人了解科摩罗具有一定的现实意义。内容包括: 国土与人口 ; 宗教与民俗 ; 特色资源等。 |
| ● |
| 相关链接 |
|
|
|
正题名:科摩罗
索取号:K948.3/Z883
 
预约/预借
| 序号 | 登录号 | 条形码 | 馆藏地/架位号 | 状态 | 备注 |
| 1 | 1539577 | 215395775 | 社科库309/309社科库 27排2列1层/ [索取号:K948.3/Z883] | 在馆 | |
| 2 | 1539578 | 215395784 | 社科库309/309社科库 27排2列1层/ [索取号:K948.3/Z883] | 在馆 |